| 000 | 00598na a2200229 4500 | ||
|---|---|---|---|
| 001 | 18807 | ||
| 003 | MIRAKIL | ||
| 005 | 20181213155105.0 | ||
| 008 | 161128b tu 000 0 | ||
| 035 | _a18807 | ||
| 040 |
_aMilas _btur _cTR-AnCHP |
||
| 041 | _atur | ||
| 082 |
_a352.5621132 _bB81 [t.y.] |
||
| 090 | _a352.5621132 B81 [t.y.] | ||
| 245 |
_aBuca'da 3. yıl _cBuca Belediyesi |
||
| 260 |
_aİzmir _bBuca Belediyesi _c[t.y.] |
||
| 300 |
_a206 s. _bfotg. _c29 sm. |
||
| 610 | _aBuca Belediyesi | ||
| 650 |
_aYerel yönetimler _zTürkiye |
||
| 651 |
_aBuca _zTürkiye |
||
| 942 |
_2dcc _cBKS |
||
| 999 |
_c6353 _d6353 |
||